000
00322nam a22001337a 4500
020
_a
81-7108-365-X
082
_a
920
_b
MON/N
100
_a
MONIZ,JOHN
245
_a
MOTHER AND THE MAHATMA
260
_a
MUMBAI
_b
BETTER YOURSELF BOOKS
300
_a
185
650
_a
SERVICES OF MAHATMA & MOTHER THERESA
_z
MUMBAI
942
_c
BK
999
_c
5777
_d
5777